000 00931nam a2200265 i 4500
001 000032664
003 DO-SdBNP
005 20240115082451.0
007 ta
008 110725s1963 dr 000 0 spa d
040 _aDO-SdBNP
_bspa
_cBNPHU
_erda
082 7 4 _a321.4
_bL215p
_222
100 1 _aLamarche Henríquez, Carlos M.
_eautor
_954753
245 1 0 _aPor que la democracia al servicio de la patria /
_cCarlos M. Lamarche Henríquez.
264 _aSanto Domingo :
_bArte y Cine,
_c1963.
300 _a199 paginas ;
_c24 cm.
336 _2rdacontent
_atexto
_btxt
337 _2rdamedia
_asin mediación
_bn
338 _2rdacarrier
_avolumen
_bnc
590 _aPerteneció a la biblioteca personal de Juan Isidro Jimenes Grullón
590 _aInventariado, 2024 / DG
650 0 _2LEMB
_917228
_aDemocracia
_xaspectos sociales
_xEnsayos, conferencias, etc.
910 _aValidado. Control de calidad MAA
942 _2ddc
_cLBS1
999 _c32155
_d32155